000 00732nam a2200229 i 4500
001 115192
003 ES-MaACL
005 20250707062616.0
007 t|
008 070226s1908 sp ||||1| spa d
080 _a821.134.2-32"19"
100 1 _aRivas Cherif, Cipriano de,
_d1891-1967
_997572
245 1 4 _aLos cuernos de la luna
_b: novela /
_cde Leonardo Sherif ; ilustraciones de Juan Francés.
260 _aMadrid :
_bEl Cuento Semanal,
_c1908.
300 _a20 p. :
_bil. ;
_c26 cm.
490 1 _aEl cuento semanal ;
_v66
500 _aCuento recomendado.
700 1 _aFrancés, Juan
_c, ilustrador.
_952142
830 0 3 _aEl cuento semanal
_v66
_9185957
852 _aES-MaACL
_jG-4441(14)
999 _c115192
_d115192